| 000 | 01260cam a2200349 i 4500 | ||
|---|---|---|---|
| 001 | 768714001 | ||
| 003 | CO-MdFUSB | ||
| 005 | 20231122125658.0 | ||
| 007 | ta | ||
| 008 | 160915t1972 -us||||| |||| 00| 0 eng d | ||
| 020 | _a0-8006-0059-2 | ||
| 040 |
_aCO-MdFUSB _bEspañol _cCO-MdFUSB _dCO-MdFUSB _erda |
||
| 041 | _aspa | ||
| 082 |
_224 _aG 230.092 _bOT89r |
||
| 100 | 1 |
_aOtt, Heinrich _eautor |
|
| 245 | 1 | 0 |
_aReality and faith : _bThe theological legacy of Dietrich Bonhoeffer _c/ Heinrich Ott ; Translated by Alex. A. Morrison |
| 264 | 1 |
_aPhiladelphia, Pennsylvania : _b Fortress Press, _c[1972] |
|
| 264 | 4 | _c©1972 | |
| 300 |
_a456 páginas _c; |
||
| 336 |
_2rdacontent _atexto _btxt |
||
| 337 |
_2rdamedia _asin mediación _bn |
||
| 338 |
_2rdacarrier _avolumen _bnc |
||
| 500 | _aTítulo original en alemán: Wirklichkeit und Glaube : Erster Band : Zum theologischen Erbe Dietrich Bonhoeffers | ||
| 501 | _aPasta dura | ||
| 505 | 0 | 0 | _aSituación y método - La contribución de Bonhoeffer - El futuro |
| 534 | _cPrimera edición Americana, 1972 | ||
| 600 | 1 | 0 |
_aBonhoeffer, Dietrich, _d1906-1945 |
| 650 | 7 |
_aTeología doctrinal _xCristianismo _9179 |
|
| 650 | 7 |
_aTeología dogmática _96945 _2embne _yS.XX |
|
| 942 | _cBK | ||
| 945 | _aJohan1477 | ||
| 999 |
_c47038 _d47038 |
||